000 00408nam a2200169Ia 4500
001 22142
003 IN-NITTTR
005 20251114233250.0
008 251113s9999||||xx |||||||||||||| ||eng||
040 _beng
040 _cIN-NITTTR
041 _aeng
082 _a672 S64P
100 _aSingh, A. N.
245 0 _aProduction, fabrication, selection of stainless steel /
_cSingh, A. N.
942 _2ddc
_cBK
999 _c24771
_d24771